HP B7 C9 - Statistics

General Stats
  • This quiz has been taken 3 times
  • The average score is 19 of 36
Answer Stats
Term Answer % Correct
Cenicero Ashtray
100%
Ebrio Drunk
100%
Imprescindible Essential
100%
Pestillo Latch
100%
Propuesta Proposal
100%
Cosquilleo Tickling
100%
Bañera Bath
50%
Cerrojo Bolt
50%
Difundir Broadcast
50%
Argucia Chicanery
50%
Concéntrico Concentric
50%
Tétrico Dismal
50%
Consumido Emaciated
50%
Cochambroso Filthy
50%
Carguero Freighter
50%
Boquear Gape
50%
Rechinante Grinding
50%
Maniatar Hobble
50%
Faro Lighthouse
50%
Cernirse Loom
50%
Trasnochador Night Owl
50%
Pinta Pint
50%
Tapete Rug
50%
Descarnado Stark
50%
Aquejado Suffering
50%
Mancillar Sully
50%
Alicatado Tiling
50%
Sopor Torpor
50%
Tronco Trunk
50%
Paragüero Umbrella Stand
50%
Sin Más Without Further Ado
50%
A Ratos At Intervals
0%
Bucear Scuba Dive
0%
Desencajado Shaken
0%
Zócalo Skirting Board
0%
Inmundicia Uncleanness
0%
No matching quizzes found
Score Distribution
Percent of People with Each Score
Percentile by Number Answered
Your Score History
You have not taken this quiz